English Football Teams By Clue - Statistics

General Stats
  • This quiz has been taken 41 times
  • The average score is 16 of 30
Answer Stats
Hint Answer % Correct
Bought by a Russian Billionaire in 2003 Chelsea
85%
One of the sides forming the "Steel City" Derby Sheffield Wednesday
85%
Owned by Sheikh Mansour Manchester City
82%
Suffered successive relegations in 2017 and 2018 Sunderland
73%
Teesside Club Middlesbrough
70%
Nicknamed "The Dale" Rochdale
70%
Have Spent 27/30 years in the Premier League since its formation Aston Villa
64%
Southernmost EFL Side Plymouth Argyle
64%
Won the FA Cup in 2008 Portsmouth
64%
Play in blue and white Hoops QPR
64%
One of 2 EFL teams based in Cumbria Carlisle United
61%
Stanley Matthews won the inaugural Ballon D'or whilst playing for this club Blackpool
58%
Have been in the Premier League since 2014 Leicester City
55%
Only EFL club based in Wiltshire Swindon Town
52%
Based in a town famous for Brewery Burton Albion
48%
Share the Gloucestershire rivalry with Cheltenham Town Forest Green Rovers
48%
First Former Premier League Club to be relegated to non league Oldham Athletic
48%
Statue of club legend Tom Finney outside of the stadium Preston North End
48%
Founded in 1881 and renamed to West Hertfordshire in 1893 Watford
48%
Ground shared with Birmingham City in 2020/21 Coventry City
45%
Play at Gresty Road Crewe Alexandra
45%
Only side to survive Premier League relegation despite being bottom at Christmas West Bromwich Albion
45%
Owned by the same man who owns NFL side Jacksonville Jaguars Fulham
42%
Currently the oldest club in the the football league Stoke City
42%
Stadium is directly next to the M6 Walsall
42%
Managed by Steve Evans between 2012 and 2015 Rotherham United
39%
Promoted to the EFL via the playoffs in 2020 Harrogate Town
36%
Paul Mullin broke the record for the most amount of goals in a single League Two season playing for this club Cambridge United
24%
Achieved 6 promotions in 10 years, currently play in League One Fleetwood Town
18%
Had a song written about them reach 36th in the UK Singles Chart in 2004 Yeovil Town
12%
No matching quizzes found
Score Distribution
Percent of People with Each Score
Percentile by Number Answered
Your Score History
You have not taken this quiz